000 005200000a22001810004500
003 MACL
005 20160324162118.0
008 160324b xxu||||| |||| 00| 0 eng d
040 _aMACL
_cMACL
041 _aHindi
082 _a080
100 _aसाेनी वेद प्रकाश
_947796
245 _aजीना सीखो
260 _bजन साहित्‍य परिषद
_c2004
_aनई दिल्‍ली
350 _a150
650 _aEducation
_948423
942 _cHIN
_k080
_2ddc
999 _c11112
_d11112